000 00416nam a2200181Ia 4500
001 10843
005 20260306161902.0
008 260306t1994||||xx |||||||||||||| ||spa||
041 _aESP
082 _a974.02
_bB81
100 _aBrading, David A.
_eAUT
245 0 _aUna iglesia asediada
260 _c1994
300 _a304 páginas :
_c23 cm.
650 _aGEN
654 _aCHU
942 _cLIB
_dJUS
_fJUS
_2ddc
_n
999 _c10843
_d10843